| 000 | 01362nam a22003497a 4500 | ||
|---|---|---|---|
| 003 | CHAP | ||
| 005 | 20220329143909.0 | ||
| 008 | 120628s2010 mx r 00010 spa d | ||
| 010 | _a103463 | ||
| 011 | _a104435 | ||
| 020 | _a9786074950359 | ||
| 035 | _a115125 | ||
| 040 | _cCHAP | ||
| 082 | 0 | 4 |
_a370.98 _bA54 |
| 100 | 1 |
_aAndere Martínez, Eduardo. _95544 |
|
| 245 | 1 | 3 |
_aEl poder de PISA : _blista de ranking y mejores prácticas en educación internacional _c/por Eduardo Andere Martínez |
| 260 |
_aToluca, Edo. de Méx. : _bGobierno del Estado de México, _c2010 |
||
| 300 | _a254 p. | ||
| 490 | 0 | _aBiblioteca Mexiquense del Bicentenario | |
| 534 |
_pTít. original : _tThe lending power of PISA : League Tables and best practice in international education _c2008 |
||
| 590 |
_aBATCH-UPD _b10 _c20130110 _lUCH01 _h1248 |
||
| 590 |
_aBATCH-UPD _b10 _c20130410 _lUCH01 _h0811 |
||
| 590 |
_aBATCH-UPD _b10 _c20130914 _lUCH01 _h0343 |
||
| 590 |
_aCONVERSION _b10 _c20130109 _lUCH01 _h1357 |
||
| 650 | 1 | 4 |
_aEducación. _935409 |
| 650 | 1 | 4 |
_aPolítica educativa. _990539 |
| 830 | 0 |
_aBiblioteca Mexiquense del Bicentenario _912411 |
|
| 901 | _aBK | ||
| 942 | _cLIBRO | ||
| 949 |
_a370.98 A54 _bBC _cLIBRO _d33724002321165 _eLIBRO _fc.2 _gI.c/e _h117203 _i115125 _sb _t$300.00 |
||
| 949 |
_a370.98 A54 _bBC _cLIBRO _d33724002331835 _eLIBRO _gI.c/e _h117203 _i115125 _sb _t$300.00 |
||
| 999 |
_c103463 _d103463 |
||